<?xml version="1.0" encoding="UTF-8"?>
<collection xmlns="http://www.loc.gov/MARC21/slim">
 <record>
  <leader>00942pamaa2200265   4500</leader>
  <controlfield tag="001">0000047761</controlfield>
  <controlfield tag="005">20130815090000.0</controlfield>
  <controlfield tag="008">100820                             eng  </controlfield>
  <datafield tag="020" ind1="0" ind2="0">
   <subfield code="a">9787811211122 (pbk.) </subfield>
  </datafield>
  <datafield tag="090" ind1="0" ind2="0">
   <subfield code="a">RC49 </subfield>
   <subfield code="b">ZHI 2009</subfield>
  </datafield>
  <datafield tag="240" ind1="0" ind2="0">
   <subfield code="a">Gong Zhixian Lun Zha Bing</subfield>
  </datafield>
  <datafield tag="245" ind1="1" ind2="0">
   <subfield code="a">Gong Zhixian Discuss on Miscellaneous Diseases = </subfield>
   <subfield code="l">Gong Zhixian Lun Zha Bing  </subfield>
   <subfield code="c">Gong Zhixian; </subfield>
   <subfield code="f">edited by Zhu Shizeng; </subfield>
   <subfield code="f">edited by Zhu Shizeng; </subfield>
   <subfield code="f">Illustrated by Li Yanbing.</subfield>
  </datafield>
  <datafield tag="250" ind1="0" ind2="0">
   <subfield code="a">1st ed.</subfield>
  </datafield>
  <datafield tag="260" ind1="0" ind2="0">
   <subfield code="a">Shanghai, China: </subfield>
   <subfield code="b">Shanghai University of T.C.M. Press, </subfield>
   <subfield code="c">2009.</subfield>
  </datafield>
  <datafield tag="300" ind1=" " ind2=" ">
   <subfield code="a">287p: </subfield>
   <subfield code="b">ill.; </subfield>
   <subfield code="c">24 cm.</subfield>
  </datafield>
  <datafield tag="500" ind1="0" ind2="0">
   <subfield code="a">In Chinese</subfield>
  </datafield>
  <datafield tag="501" ind1="0" ind2="0">
   <subfield code="a">FMHS</subfield>
  </datafield>
  <datafield tag="504" ind1="0" ind2="0">
   <subfield code="a">Includes bibliographical references and index</subfield>
  </datafield>
  <datafield tag="600" ind1="1" ind2="0">
   <subfield code="a">Zhixian, </subfield>
   <subfield code="h">Gong</subfield>
  </datafield>
  <datafield tag="650" ind1="0" ind2="0">
   <subfield code="a">Psychosomatic Medicine -- </subfield>
   <subfield code="x">methods </subfield>
  </datafield>
  <datafield tag="650" ind1="0" ind2="0">
   <subfield code="a">Traditional Chinese Medicine </subfield>
  </datafield>
  <datafield tag="650" ind1="0" ind2="0">
   <subfield code="a">Diseases </subfield>
  </datafield>
  <datafield tag="700" ind1="1" ind2="1">
   <subfield code="a">Shizeng, </subfield>
   <subfield code="h">Zhu </subfield>
  </datafield>
  <datafield tag="700" ind1="1" ind2="1">
   <subfield code="a">Yanbing, </subfield>
   <subfield code="h">Li </subfield>
  </datafield>
  <datafield tag="901" ind1=" " ind2=" ">
   <subfield code="u">www.tcmonline.com.cn</subfield>
  </datafield>
 </record>
</collection>
